ORQUÍDEAS - Kali Uchis (Tracklist) - Statistics

General Stats
  • This quiz has been taken 15 times
  • The average score is 11 of 17
Answer Stats
track % Correct
Te Mata
92%
Dame Beso / Muevete
85%
Heladito
85%
Munekita
85%
Pensamientos Intrusivos
85%
¿Como Asi?
77%
Igual Que Un Angel
77%
No Hay Ley Parte 2
69%
Young Rich & In Love
62%
Diosa
54%
Perdiste
54%
Tu Corazon Es Mio...
54%
Labios Mordidos
46%
Simple
46%
Adicto
38%
Como Debe Ser
38%
Me Ponga Loca
31%
No matching quizzes found
Score Distribution
Percent of People with Each Score
Percentile by Number Answered
Your Score History
You have not taken this quiz